| 000 | 00875nam a2200205 a 4500 | ||
|---|---|---|---|
| 001 | 000027579 | ||
| 005 | 20200930030934.0 | ||
| 008 | 110401s2004 dr 000 0 spa d | ||
| 020 | _a9945000209 | ||
| 040 |
_aDO-SdBNP _bspa _cBNPHU |
||
| 082 |
_axxxx _bF363c |
||
| 100 | 1 |
_aFernández Pichardo, Enrique _954677 |
|
| 245 | 1 | 0 |
_aCaptación de fondos / _cEnrique Fernández Pichardo. |
| 260 |
_aSanto Domingo : _bAlianza ONG, Programa de Fortalecimiento de Capacidades de Organizaciones sin Fines de Lucro en Gestión, marketing y tecnologías de la Información : _bW. K. Kellogg Foundation, _c2004. |
||
| 300 |
_ax, 56 p. ; _c23 cm. |
||
| 490 | 1 |
_aManuales para el fortalecimiento de Organizaciones sin Fines de Lucro _vno. 3 |
|
| 504 | _aBibliografía : p. 56 | ||
| 830 | 0 |
_aManuales para el fortalecimiento de Organizaciones sin Fines de Lucro _v3 _954672 |
|
| 049 | _aBNPHU | ||
| 999 |
_c27071 _d27071 |
||